It looks like you're offline.
Open Library logo
additional options menu

MARC Record from Scriblio

Record ID marc_records_scriblio_net/part21.dat:72307868:735
Source Scriblio
Download Link /show-records/marc_records_scriblio_net/part21.dat:72307868:735?format=raw

LEADER: 00735cam 2200217 a 4500
001 90024080
003 DLC
005 20000217195126.0
008 901105s1991 wiuab b 000 0 eng
010 $a 90024080 $z 90025087
020 $a1559710977 :$c$39.00
040 $aDLC$cDLC$dDLC$dCSfA
050 00 $aQL696.G254$bW54 1991
082 00 $a598/.619$220
100 1 $aWilliams, Lovett E.
245 10 $aWild turkey country /$ctext and photos by Lovett E. Williams, Jr. ; contributing photographer, Gary Griffen.
260 $aMinocqua, WI :$bWillow Creek Press,$cc1991.
300 $a143 p. :$bill. (some col.), maps ;$c29 cm.
504 $aIncludes bibliographical references (p. 143).
650 0 $aWild turkey.
700 1 $aGriffen, Gary W.